[Event "DEN-chT 0506"]
[Site "Denmark"]
[Date "2006.03.05"]
[Round "7.7"]
[White "Vinther Juul, Kristian"]
[Black "Andersen, Steen"]
[Result "1-0"]
[WhiteElo "2112"]
[BlackElo "1994"]
[PlyCount "25"]
[EventDate "2005.11.05"]
[EventType "team-tourn"]
[EventRounds "9"]
[EventCountry "DEN"]
[SourceTitle "EXT 2023"]
[Source "ChessBase"]
[SourceDate "2022.10.05"]
[SourceVersion "1"]
[SourceVersionDate "2022.10.05"]
[SourceQuality "1"]
[WhiteTeam "Helsingor"]
[BlackTeam "Nordkalotten"]
[WhiteTeamCountry "DEN"]
[BlackTeamCountry "DEN"]

1. e4 e5 2. f4 exf4 3. Bc4 d5 4. Bxd5 Qh4+ 5. Kf1 Nf6 6. Nf3 Qh5 7. Nc3 Nxd5 8. Nxd5 Bd6 9. e5 0-0 10. Nxf4 Qf5 11. d4 Be7 12. Qd3 Qg4 13. h3 1-0

[Event "DEN-chT 0506"]
[Site "Denmark"]
[Date "2005.11.20"]
[Round "3.7"]
[White "Andersen, Steen"]
[Black "Hansen, Poul Martin"]
[Result "1/2-1/2"]
[WhiteElo "1994"]
[BlackElo "1871"]
[PlyCount "61"]
[EventDate "2005.11.05"]
[EventType "team-tourn"]
[EventRounds "9"]
[EventCountry "DEN"]
[SourceTitle "EXT 2023"]
[Source "ChessBase"]
[SourceDate "2022.10.05"]
[SourceVersion "1"]
[SourceVersionDate "2022.10.05"]
[SourceQuality "1"]
[WhiteTeam "Nordkalotten"]
[BlackTeam "Foroyar"]
[WhiteTeamCountry "DEN"]
[BlackTeamCountry "DEN"]

1. e4 c6 2. d4 d5 3. Nc3 dxe4 4. Nxe4 Nd7 5. Bc4 Ngf6 6. Ng5 e6 7. N1f3 h6 8. Nh3 Nb6 9. Bd3 c5 10. Be3 Bd7 11. Qe2 Rc8 12. Ne5 Bd6 13. Nxd7 Nbxd7 14. 0-0 Qc7 15. dxc5 Bxh2+ 16. Kh1 Be5 17. c3 Nxc5 18. Bb5+ Ncd7 19. f4 Bd6 20. f5 Ne4 21. Bf4 exf5 22. Bxd6 Qxd6 23. Rxf5 Qe6 24. Bxd7+ Kxd7 25. Qb5+ Kc7 26. Re5 Ng3+ 27. Kh2 Qd6 28. Rae1 Nf5 29. Kg1 g6 30. g4 Nh4 31. Re7+ 1/2-1/2